Ekonomický a právny poradca podnikateľa

Salvato in:
Dettagli Bibliografici
Natura: Periodico
Lingua:slovacco
Pubblicazione: Žilina Poradca podnikateľa
Soggetti:
Tags: Aggiungi Tag
Nessun Tag, puoi essere il primo ad aggiungerne!!

MARC

LEADER 00000nas1a2200000 4500
001 s120046
005 20230919122309.5
022 |a 1335-0714 
041 0 |a slo 
044 |a SK 
245 1 0 |a Ekonomický a právny poradca podnikateľa 
264 1 |a Žilina  |b Poradca podnikateľa 
500 |a Časopis vychádzal do č. 1/2004, zlúčený s časopisom Poradca, ďalej pokračuje pod názvom Poradca 
610 2 0 |a predpisy právne 
610 2 0 |a podnikanie